[Event "12. Lovsprings EMT Basis 3 2001"]
[Site "Ringsted"]
[Date "2001.03.30"]
[Round "5"]
[White "Pedersen, Jon"]
[Black "Janbazi, Farzad"]
[Result "1-0"]
[WhiteElo "1197"]
[BlackElo "1026"]
[PlyCount "71"]
[EventDate "2001.??.??"]

1. e4 c6 2. c4 e6 3. d4 d5 4. Nc3 Ne7 5. Nf3 Ng6 6. Bd3 Nd7 7. O-O Nb6 8. c5
Nd7 9. e5 f6 10. Re1 f5 11. g4 fxg4 12. Bxg6+ hxg6 13. Qd3 Be7 14. Qxg6+ Kf8
15. Qxg4 Nb8 16. Ne2 Ke8 17. Qxg7 Kd7 18. Qg2 Rg8 19. Ng3 b6 20. b4 bxc5 21.
bxc5 Na6 22. Bd2 Nc7 23. Ba5 Ba6 24. Re3 Bg5 25. Nxg5 Qxg5 26. Bxc7 Kxc7 27.
Kh1 Rab8 28. Ra3 Kb7 29. Rb1+ Bb5 30. Rab3 Kc7 31. Qf3 Qg6 32. Qc3 a6 33. a4
Bc4 34. Qa5+ Kd7 35. Rxb8 Rxb8 36. Rxb8 1-0

[Event "12. Lovsprings EMT Basis 3 2001"]
[Site "Ringsted"]
[Date "2001.04.17"]
[Round "5"]
[White "Vintersfjord, Inette"]
[Black "Clausen, Thomas"]
[Result "1/2-1/2"]
[WhiteElo "1016"]
[BlackElo "1000"]
[PlyCount "73"]
[EventDate "2001.??.??"]

1. e4 e5 2. Bc4 Nc6 3. Nf3 Nf6 4. d3 Bc5 5. Ng5 d5 6. exd5 Nxd5 7. Qf3 Be6 8.
Nc3 Nd4 9. Qd1 Nxc3 10. bxc3 Bxc4 11. dxc4 Nc6 12. Qf3 O-O 13. O-O h6 14. Ne4
Bb6 15. Qg3 Kh7 16. Qh3 f6 17. Qf5+ g6 18. Qh3 h5 19. Qg3 Na5 20. c5 Qd5 21.
Ba3 Qxe4 22. cxb6 Rf7 23. bxc7 Rxc7 24. Rac1 Rac8 25. Rfe1 Qf4 26. Qxf4 exf4
27. Bd6 Rxc3 28. Bxf4 g5 29. Bd2 R3c5 30. Re7+ Kg6 31. Bxa5 Rxa5 32. Rxb7 Rxa2
33. c4 Rc5 34. g3 Ra4 35. Kg2 a5 36. Ra7 Rcxc4 37. Rxa5 1/2-1/2

[Event "12. Lovsprings EMT Basis 3 2001"]
[Site "Ringsted"]
[Date "2001.04.20"]
[Round "6"]
[White "Astrup, Knud"]
[Black "Hansen, Steen J"]
[Result "1/2-1/2"]
[WhiteElo "1178"]
[BlackElo "1275"]
[PlyCount "98"]
[EventDate "2001.??.??"]

1. f4 d5 2. Nf3 Nc6 3. e3 e6 4. b3 Be7 5. Bb2 Bf6 6. Nc3 a6 7. g3 h5 8. Bg2
Nge7 9. Qe2 Nb4 10. d4 Bd7 11. Ba3 c5 12. Bxb4 cxb4 13. Nd1 Rc8 14. Rc1 Qa5 15.
Ra1 Bb5 16. Qd2 Qc7 17. Rc1 a5 18. c3 O-O 19. Bf1 Bxf1 20. Rxf1 b5 21. Kf2 Nf5
22. Ng1 Nd6 23. Kg2 Ne4 24. Qe2 bxc3 25. Rc2 b4 26. Qxh5 g6 27. Qe2 Qa7 28. Nf2
Nd2 29. Rd1 Ne4 30. Nxe4 dxe4 31. Nh3 Rfd8 32. Nf2 Qb7 33. Ng4 Bg7 34. h4 Qd5
35. Nf2 Ra8 36. Rh1 a4 37. h5 gxh5 38. Rxh5 f5 39. Rh1 axb3 40. axb3 Qxb3 41.
Rhc1 Ra3 42. g4 Rda8 43. Kg3 Ra2 44. Rxa2 Rxa2 45. Qb5 Rxf2 46. Qe8+ Bf8 47.
Qg6+ Bg7 48. Qe8+ Bf8 49. Qg6+ Bg7 1/2-1/2

[Event "12. Lovsprings EMT Basis 3 2001"]
[Site "Ringsted"]
[Date "2001.04.20"]
[Round "6"]
[White "Clausen, Thomas"]
[Black "Pedersen, Jon"]
[Result "1-0"]
[WhiteElo "1000"]
[BlackElo "1197"]
[PlyCount "93"]
[EventDate "2001.??.??"]

1. e4 c6 2. Nc3 d5 3. d4 dxe4 4. Nxe4 Nf6 5. Nxf6+ gxf6 6. Bc4 Bf5 7. Nf3 Qc7
8. g3 e6 9. Bf4 Bd6 10. Bxd6 Qxd6 11. a3 Nd7 12. Qe2 O-O-O 13. O-O-O Nb6 14.
Bb3 Rhg8 15. h3 Kb8 16. g4 Qf4+ 17. Qe3 Qxe3+ 18. fxe3 Be4 19. Rhf1 Bd5 20. Nd2
Rg6 21. Bxd5 exd5 22. Rf5 Re8 23. Re1 Rh6 24. Rf3 Nc8 25. c4 Ne7 26. Rh1 Kc7
27. e4 dxc4 28. Nxc4 Nc8 29. e5 Rg8 30. Rxf6 Rxf6 31. exf6 Kd7 32. Re1 a6 33.
Ne5+ Ke6 34. g5 Rxg5 35. Nf3+ Kxf6 36. Nxg5 Kxg5 37. Re8 Nd6 38. Rd8 Nf5 39. d5
cxd5 40. Rxd5 Kf6 41. Kd2 Ke6 42. Rd8 h6 43. Kc3 Nd6 44. Kd4 Ke7 45. Rh8 b6 46.
Kd5 Kd7 47. Rxh6 1-0

[Event "12. Lovsprings EMT Basis 3 2001"]
[Site "Ringsted"]
[Date "2001.04.20"]
[Round "6"]
[White "Jakobsen, Henning"]
[Black "Vintersfjord, Inette"]
[Result "0-1"]
[WhiteElo "1069"]
[BlackElo "1016"]
[PlyCount "86"]
[EventDate "2001.??.??"]

1. d4 d5 2. c4 c6 3. Nc3 Nf6 4. Nf3 h6 5. Bd2 e6 6. e3 Be7 7. Be2 O-O 8. O-O
Nbd7 9. Ne5 Bd6 10. Nxd7 Bxd7 11. c5 Bc7 12. b4 a6 13. a4 e5 14. b5 exd4 15.
exd4 Qc8 16. b6 Bb8 17. h3 Bxh3 18. gxh3 Qxh3 19. f4 g5 20. Rf3 Qh4 21. Qf1
Qg4+ 22. Qg2 Qxg2+ 23. Kxg2 g4 24. Rg3 h5 25. Rh1 Re8 26. Kf2 Ne4+ 27. Nxe4
Rxe4 28. Rxh5 Rxd4 29. Rxg4+ Kf8 30. Be3 Rxa4 31. Rhh4 Rb4 32. Rh8+ Ke7 33. f5
Rxg4 34. Bxg4 Bg3+ 35. Kxg3 Rxh8 36. Bg5+ f6 37. Bf4 a5 38. Be3 a4 39. Bd4 Rh1
40. Kg2 Rb1 41. Kg3 a3 42. Kf2 Rb4 43. Ke3 Rxd4 0-1

[Event "12. Lovsprings EMT Basis 3 2001"]
[Site "Ringsted"]
[Date "2001.04.20"]
[Round "6"]
[White "Janbazi, Farzad"]
[Black "Abdi, Farhad"]
[Result "0-1"]
[WhiteElo "1026"]
[BlackElo "1167"]
[PlyCount "92"]
[EventDate "2001.??.??"]

1. d4 d5 2. Nf3 c6 3. Bf4 Qb6 4. Qc1 Bg4 5. c3 Nf6 6. Nbd2 e6 7. e3 Be7 8. Be2
Bf5 9. O-O Nbd7 10. Re1 O-O 11. Bg5 Rfe8 12. b3 Ne4 13. Bxe7 Rxe7 14. c4 Qc7
15. c5 Rae8 16. a4 b6 17. b4 Nxd2 18. Qxd2 e5 19. b5 bxc5 20. bxc6 Qxc6 21. Bb5
Qc7 22. dxe5 Be6 23. Qc3 Rd8 24. Rec1 Nb8 25. Ng5 Bd7 26. Bxd7 Nxd7 27. e4 Rxe5
28. Qe3 dxe4 29. Nxe4 Rde8 30. Rc4 Qc6 31. f3 f5 32. Re1 fxe4 33. fxe4 Nf6 34.
Qb3 Kf8 35. Qb5 Qxb5 36. axb5 Rb8 37. Rb1 a6 38. b6 Rb7 39. Ra4 Nd7 40. Rxa6
Re6 41. Kf2 Rexb6 42. Rbxb6 Rxb6 43. Ra8+ Ke7 44. Ra7 c4 45. Ke2 c3 46. Ra2
Rb2+ 0-1

[Event "12. Lovsprings EMT Basis 3 2001"]
[Site "Ringsted"]
[Date "2001.04.20"]
[Round "6"]
[White "Nielsen, Henrik"]
[Black "Vilsgaard, Lars"]
[Result "1-0"]
[WhiteElo "1186"]
[BlackElo "1129"]
[PlyCount "41"]
[EventDate "2001.??.??"]

1. e4 e5 2. Nf3 Nc6 3. c4 Nf6 4. Nc3 Bb4 5. d3 Bxc3+ 6. bxc3 d6 7. Be2 O-O 8.
Bg5 h6 9. Bh4 Bg4 10. Nd2 Bxe2 11. Qxe2 g5 12. Bg3 Qd7 13. f3 g4 14. Qe3 Kg7
15. Ke2 Rh8 16. h3 gxf3+ 17. Nxf3 Rag8 18. Nh4 Kf8 19. Rhf1 Nh5 20. Rf3 Rg6 21.
Nxg6+ 1-0

[Event "12. Lovsprings EMT Basis 3 2001"]
[Site "Ringsted"]
[Date "2001.04.20"]
[Round "6"]
[White "Nielsen, Jonas"]
[Black "Mogensen, Soren"]
[Result "0-1"]
[WhiteElo "1000"]
[BlackElo "1206"]
[PlyCount "58"]
[EventDate "2001.??.??"]

1. e4 c5 2. Nf3 Nc6 3. d4 cxd4 4. Nxd4 Nf6 5. Nc3 e5 6. Nxc6 bxc6 7. Bd3 Bb4 8.
O-O O-O 9. Rb1 Rb8 10. Bd2 d5 11. Bg5 Bxc3 12. bxc3 Rxb1 13. Qxb1 Qb6 14. Qxb6
axb6 15. Bxf6 gxf6 16. exd5 cxd5 17. Rb1 Be6 18. Rxb6 Ra8 19. Rb2 Rc8 20. Rb3
d4 21. Rb2 Rxc3 22. a4 Ra3 23. Rb8+ Kg7 24. Ra8 e4 25. Bf1 Ra1 26. h3 Bc4 27.
f3 f5 28. fxe4 fxe4 29. Rd8 Rxf1+ 0-1

[Event "12. Lovsprings EMT Basis 3 2001"]
[Site "Ringsted"]
[Date "2001.04.27"]
[Round "7"]
[White "Abdi, Farhad"]
[Black "Astrup, Knud"]
[Result "1-0"]
[WhiteElo "1167"]
[BlackElo "1178"]
[PlyCount "99"]
[EventDate "2001.??.??"]

1. Nf3 d5 2. d4 Nf6 3. e3 e6 4. c4 c6 5. Nc3 Bb4 6. Bd2 O-O 7. Be2 Nbd7 8. O-O
dxc4 9. Bxc4 Nb6 10. Be2 Nbd5 11. Rc1 Nxc3 12. Bxc3 Bxc3 13. Rxc3 Nd5 14. Rb3
b5 15. Ne5 Bb7 16. Qc2 Rc8 17. Bd3 Nf6 18. Qc5 a6 19. a3 Nd7 20. Nxd7 Qxd7 21.
Qh5 g6 22. Qe5 f6 23. Qc5 Rc7 24. f4 Rfc8 25. Rc3 Qd5 26. b3 Kf7 27. Rf3 Re7
28. Rh3 h5 29. Bxg6+ Kf8 30. Rxh5 Qxc5 31. Rcxc5 Rcc7 32. Kf2 Kg7 33. Bd3 f5
34. g4 Rf7 35. gxf5 exf5 36. Rhxf5 Rxf5 37. Rxf5 Bc8 38. Rg5+ Kf6 39. h4 Be6
40. b4 Kf7 41. h5 Kf8 42. h6 Bg8 43. Rf5+ Ke8 44. Rg5 Kf8 45. Rh5 Bh7 46. Bxh7
Rxh7 47. Kf3 Kf7 48. f5 Kg8 49. Kf4 Kf7 50. Ke5 1-0

[Event "12. Lovsprings EMT Basis 3 2001"]
[Site "Ringsted"]
[Date "2001.04.27"]
[Round "7"]
[White "Hansen, Steen J"]
[Black "Clausen, Thomas"]
[Result "1-0"]
[WhiteElo "1275"]
[BlackElo "1000"]
[PlyCount "61"]
[EventDate "2001.??.??"]

1. d4 d5 2. c4 Bf5 3. Qb3 Nc6 4. Nf3 Be4 5. Nbd2 Rb8 6. e3 e6 7. Nxe4 dxe4 8.
Nd2 Bb4 9. g3 Nf6 10. Bg2 O-O 11. O-O Bxd2 12. Bxd2 Qd6 13. f4 Ng4 14. Bxe4
Nxd4 15. Qd3 Nf3+ 16. Rxf3 Qxd3 17. Bxd3 Rbd8 18. e4 Rd7 19. Bb4 Rfd8 20. Rd1
Rd4 21. h3 Nf6 22. Be7 R8d7 23. Bxf6 gxf6 24. Kf1 Rxe4 25. Kf2 Red4 26. Ke3 c5
27. g4 f5 28. gxf5 exf5 29. Rff1 Re7+ 30. Kf3 Red7 31. Bc2 1-0

[Event "12. Lovsprings EMT Basis 3 2001"]
[Site "Ringsted"]
[Date "2001.04.27"]
[Round "7"]
[White "Janbazi, Farzad"]
[Black "Nielsen, Henrik"]
[Result "1-0"]
[WhiteElo "1026"]
[BlackElo "1186"]
[PlyCount "43"]
[EventDate "2001.??.??"]

1. d4 e6 2. Nf3 Nc6 3. Bf4 d5 4. Nbd2 Bd6 5. Bg3 Nf6 6. c3 O-O 7. e3 a6 8. Bd3
Re8 9. Be5 Bxe5 10. dxe5 Nd7 11. h4 Ncxe5 12. Qc2 Nxd3+ 13. Qxd3 Nf6 14. Ne5
Qd6 15. f4 Bd7 16. O-O-O Red8 17. g4 Bb5 18. Qc2 Be2 19. Rdg1 Qc5 20. Rg3 Rd6
21. Nb3 Qb5 22. Nd4 1-0

[Event "12. Lovsprings EMT Basis 3 2001"]
[Site "Ringsted"]
[Date "2001.04.27"]
[Round "7"]
[White "Mogensen, Soren"]
[Black "Vintersfjord, Inette"]
[Result "1-0"]
[WhiteElo "1206"]
[BlackElo "1016"]
[PlyCount "87"]
[EventDate "2001.??.??"]

1. e4 e5 2. Nf3 Nc6 3. c3 Nf6 4. d4 exd4 5. e5 Nd5 6. cxd4 Bb4+ 7. Bd2 Bxd2+ 8.
Nbxd2 O-O 9. Bc4 Nce7 10. O-O d6 11. Bxd5 Nxd5 12. Qb3 c6 13. Nc4 dxe5 14.
Ncxe5 Nf4 15. Rfe1 Qf6 16. Qe3 Nd5 17. Qd2 h6 18. Nc4 Qg6 19. Nfe5 Qf6 20. Ne3
Qg5 21. N3c4 Nf4 22. g3 Nh3+ 23. Kg2 Qxd2 24. Nxd2 Ng5 25. f4 Ne6 26. Nb3 Rd8
27. Red1 f6 28. Nf3 b6 29. Rac1 Bb7 30. Kf2 Kf7 31. f5 Ng5 32. Nxg5+ hxg5 33.
d5 g6 34. Rd2 Rd7 35. fxg6+ Kxg6 36. dxc6 Rxd2+ 37. Nxd2 Bc8 38. Ne4 Bf5 39. c7
Rh8 40. Kg1 Bc8 41. Rd1 Re8 42. Rd8 Rxe4 43. Rxc8 Rc4 44. Rg8+ 1-0

[Event "12. Lovsprings EMT Basis 3 2001"]
[Site "Ringsted"]
[Date "2001.04.27"]
[Round "7"]
[White "Pedersen, Jon"]
[Black "Nielsen, Jonas"]
[Result "1/2-1/2"]
[WhiteElo "1197"]
[BlackElo "1000"]
[PlyCount "110"]
[EventDate "2001.??.??"]

1. e4 c5 2. d4 cxd4 3. c3 dxc3 4. Nxc3 e5 5. Bc4 Nf6 6. Bg5 Bb4 7. Nge2 O-O 8.
a3 Bxc3+ 9. Nxc3 h6 10. Be3 Nc6 11. O-O d6 12. h3 Na5 13. Ba2 Be6 14. Qf3 Bxa2
15. Rxa2 Nc4 16. Rd1 Nxe3 17. Qxe3 a6 18. b3 b5 19. Rad2 Qa5 20. Nb1 Rad8 21.
Rxd6 Rxd6 22. Rxd6 Rd8 23. Rxd8+ Qxd8 24. Qd2 Qb6 25. Qd3 Qc6 26. Nc3 Qd7 27.
Qxd7 Nxd7 28. Kf1 Kf8 29. b4 Nb6 30. Ke2 Ke7 31. Kd3 Kd6 32. g3 g5 33. Ke2 f6
34. h4 Kc6 35. f3 gxh4 36. g4 Kd7 37. Kf2 Ke7 38. Kg2 Kf7 39. Kh3 Kg6 40. Kxh4
Nc4 41. a4 Nd6 42. axb5 axb5 43. Nd5 Ne8 44. f4 Nd6 45. fxe5 fxe5 46. Nb6 Nxe4
47. Nd7 Nf2 48. Nxe5+ Kf6 49. Nc6 Kg6 50. Na7 Nd3 51. Nxb5 Nxb4 52. Nc3 Nd3 53.
Nd5 Nf2 54. Nf4+ Kh7 55. Nh3 Nxg4 1/2-1/2

[Event "12. Lovsprings EMT Basis 3 2001"]
[Site "Ringsted"]
[Date "2001.04.27"]
[Round "7"]
[White "Vilsgaard, Lars"]
[Black "Jakobsen, Henning"]
[Result "1-0"]
[WhiteElo "1129"]
[BlackElo "1069"]
[PlyCount "75"]
[EventDate "2001.??.??"]

1. e4 c5 2. Nf3 d6 3. Be2 Nd7 4. O-O Ngf6 5. Nc3 e5 6. Bb5 Be7 7. d3 a6 8. Ba4
b5 9. Bb3 Nb6 10. a3 O-O 11. Be3 Qc7 12. Qd2 Rd8 13. Ng5 d5 14. Qc1 c4 15. Ba2
d4 16. Bxd4 exd4 17. Ne2 Ng4 18. g3 Bxg5 19. Qxg5 h6 20. Qd2 Ne5 21. f4 Bh3 22.
fxe5 Bxf1 23. Rxf1 Qxe5 24. Rf5 Qe7 25. Qf4 Rf8 26. Nxd4 Rad8 27. Nc6 Qc5+ 28.
Rxc5 Rde8 29. dxc4 Nd7 30. Rd5 Nf6 31. e5 Nxd5 32. cxd5 Kh7 33. d6 Rc8 34. Bd5
a5 35. d7 Rc7 36. e6 fxe6 37. Be4+ Kg8 38. Qxc7 1-0